000 01040nam a22003017a 4500
003 CHAP
005 20220329135223.0
008 971013s1977 r 00010 d
010 _a32855
011 _a33827
035 _a37943
040 _cCHAP
090 _aTesis
100 0 0 _aLópez Reyes, Víctor Manuel Rubén.
_968269
245 _aCausas por las que son desechadas las vacas estabuladas y semiestabuladas en Tulancingo, Hidalgo
260 _aMéxico, D.F. :
_bEl autor,
_c1977
300 _a35 h.
_b: gráfs.
502 _aTesis (Médico Veterinario Zootecnista) -- UNAM. Fac. de Medicina Veterinaria y Zootecnia
590 _aALEPH
_b10
_c20130110
_lUCH01
_h1256
590 _aBATCH-UPD
_b10
_c20130110
_lUCH01
_h2221
590 _aBATCH-UPD
_b10
_c20130410
_lUCH01
_h1519
590 _aBATCH-UPD
_b10
_c20130914
_lUCH01
_h1457
590 _aCONVERSION
_b10
_c20130109
_lUCH01
_h1318
650 1 4 _aGanadería
_xAspectos económicos
_xHidalgo.
_944634
901 _aBK
942 _cTESIS
949 _bBC
_cTES
_d-86926
_eTS1
_i37943
_si
999 _c32855
_d32855